000 01420nam a2200373 i 4500
001 000013646
003 DO-SdBNP
005 20241008102913.0
007 ta
008 091127s1996 dr 000 0 spa d
040 _aDO-SdBNP
_bspa
_cBNPHU
_erda
082 4 _a972.93
_bB716p
_222
100 1 _aBonnelly de Díaz, Aída,
_d1926-
_931064
245 1 0 _aPor los trillos del arte :
_bviviencias, semblanzas e inquietudes /
_cAida Bonnelly ; presentación Eligio Bisonó ; prólogo Pedro Vergés.
264 _aSanto Domingo :
_bAmigo del Hogar,
_c1996.
300 _a261 páginas ;
_c23 cm.
336 _2rdacontent
_atexto
_btxt
337 _2rdamedia
_asin mediación
_bn
338 _2rdacarrier
_avolumen
_bnc
490 1 _aBanreservas
490 1 _aArte y cultura ;
_v 3
500 _aIncluye datos biográficos de la autora en las solapas.
500 _aIncluye referencias bibliográficas y notas al pie de las páginas.
590 _aInventariado, 2021 / DG
650 0 _aArtes
_xRepública Dominicana
_zRepública dominicana
_931065
650 4 _aApreciación musical
_92776
651 4 _aRepública Dominicana
_xCivilización
_97739
651 4 _aRepública Dominicana
_vBiografías
_91083
700 1 _aBisonó, Eligio
_927153
700 1 _aVerges, Pedro,
_d1945-
_eprólogo
_912149
830 0 _aBanreservas
_99258
_pArte y cultura
_n3
910 _aValidado. Control de calidad MFF
942 _2ddc
_cLBS1
999 _c13260
_d13260